Word Creation Puzzle #2 - Statistics

General Stats
  • This quiz has been taken 1,088 times
  • The average score is 33 of 62
Answer Stats
Answer % Correct
Boar
78%
Gram
78%
Brat
75%
Deer
72%
Flip
72%
Boat
71%
Boot
71%
Bear
69%
Boom
69%
Dear
69%
Door
67%
Goat
67%
Beer
66%
Flap
66%
Grim
65%
Deep
64%
Flit
64%
Foot
63%
Grip
63%
Dram
62%
Grit
62%
Beam
61%
Blip
61%
Blot
61%
Doom
61%
Fear
61%
Deem
60%
Feet
60%
Flat
60%
Foam
58%
Gear
58%
Glam
57%
Beat
56%
Beet
56%
Drat
56%
Flop
56%
Beep
55%
Brim
54%
Drip
52%
Boor
51%
Frat
50%
Goop
50%
Doer
47%
Drop
47%
Brit
45%
Grat
45%
Blat
44%
Flam
44%
Frap
44%
Goer
44%
Blam
43%
Deet
42%
Feat
40%
Grot
36%
Fret
35%
From
34%
Glop
29%
Frit
26%
Glom
24%
Blet
22%
Doat
21%
Doit
12%
No matching quizzes found
Score Distribution
Percent of People with Each Score
Percentile by Number Answered
Your Score History
You have not taken this quiz